000 nam a22 7a 4500
999 _c8856
_d8856
008 180120b ||||| |||| 00| 0 eng d
100 _aKumar.K.
_91621
245 _aMap Work Book
260 _aNew Delhi
_bGoyal
_c2007